| Tag |
First Indicator |
Second Indicator |
Subfields |
| LEADER |
00000cam a2200000 a 4500 |
| 001 |
in00000998635 |
| 005 |
20150927153451.0 |
| 008 |
900214s1989 stka b 00000 eng |
| 010 |
|
|
|a 90118123
|
| 020 |
|
|
|a 008037963X
|
| 035 |
|
|
|a (OCoLC)21301197
|
| 035 |
|
|
|9 AEX9884AM
|
| 040 |
|
|
|a DLC
|c DLC
|d UtOrBLW
|
| 043 |
|
|
|a e-uk---
|
| 049 |
|
|
|a TXAM
|
| 050 |
0 |
0 |
|a HE8700.9.G7
|b D47 1989
|
| 082 |
0 |
0 |
|a 384.55/1
|2 20
|
| 245 |
0 |
0 |
|a Deregulation and the future of commercial television /
|c edited by Gordon Hughes and David Vines.
|
| 264 |
|
1 |
|a Aberdeen :
|b Aberdeen University Press,
|c 1989.
|
| 300 |
|
|
|a viii, 139 pages :
|b illustrations ;
|c 23 cm.
|
| 336 |
|
|
|a text
|b txt
|2 rdacontent
|
| 337 |
|
|
|a unmediated
|b n
|2 rdamedia
|
| 338 |
|
|
|a volume
|b nc
|2 rdacarrier
|
| 490 |
1 |
|
|a Hume paper ;
|v no. 12
|
| 500 |
|
|
|a At head of title: The David Hume Institute 1989.
|
| 504 |
|
|
|a Includes bibliographical references.
|
| 505 |
0 |
|
|a An introduction to television economics / Martin Cave -- Regulation and strategic behaviour in commercial television / Gordon Hughes and David Vines -- Auctioning the ITV franchises / Ken Cheong and Robin Foster -- Regulating a partly-deregulated broadcasting system / Martin Cave.
|
| 650 |
|
0 |
|a Television
|z Great Britain
|x Deregulation.
|
| 650 |
|
0 |
|a Television broadcasting policy
|z Great Britain.
|
| 700 |
1 |
|
|a Hughes, Gordon.
|
| 700 |
1 |
|
|a Vines, David.
|
| 710 |
2 |
|
|a David Hume Institute.
|
| 830 |
|
0 |
|a Hume paper ;
|v no. 12.
|
| 999 |
|
|
|a MARS
|
| 999 |
f |
f |
|s 7bb8d342-6e2c-334e-9d2a-39b8ba792f7a
|i 4a470eed-9e9e-3fa8-92e1-a40117c7072b
|t 0
|
| 952 |
f |
f |
|p ric
|a Texas A&M University
|b Rellis Campus
|c Joint Library Facility
|d Remote Storage
|t 0
|e HE8700.9.G7 D47 1989
|h Library of Congress classification
|i unmediated -- volume
|m A14813791227
|
| 998 |
f |
f |
|a HE8700.9.G7 D47 1989
|t 0
|l Remote Storage
|